000 00475nam a2200157 4500
001 131036
003 ES-MaACL
007 t|
008 070214s1947 sp r ||||1| spa d
100 1 _aRobert Rodríguez, Antonio.
_997819
245 1 0 _aTeoría general de las corrientes alternas /
_cAntonio Robert Rodríguez.
250 _a1ª ed.
260 _aBarcelona :
_bManuel Marín,
_c1947.
300 _aXVIII, 386 p. :
_bil. ;
_c26 cm.
852 _aES-MaACL
_jE-2059
_bR.23206
999 _c131036
_d131036